Normal view
MARC view
Entry Personal Name
001 - CONTROL NUMBER
- control field: 37370
003 - CONTROL NUMBER IDENTIFIER
- control field: OSt
005 - DATE AND TIME OF LATEST TRANSACTION
- control field: 20230201111102.0
008 - FIXED-LENGTH DATA ELEMENTS
- fixed length control field: 230201|| aca||aabn | a|a d
040 ## - CATALOGING SOURCE
- Original cataloging agency: OSt
- Transcribing agency: OSt
100 ## - HEADING--PERSONAL NAME
- Personal name: Microbiorobotics Biologically Inspired Microscale Robotic Systems
670 ## - SOURCE DATA FOUND
- Source citation: Work cat.: (OSt)35814: Microbiorobotics Biologically Inspired Microscale Robotic Systems, Microbiorobotics Biologically Inspired Microscale Robotic Systems